Born in Lisbon - Statistics

General Stats
  • This quiz has been taken 31 times
    5 since last reset
  • The average score is 18 of 26
Answer Stats
Hint Answer % Correct
One of the greatest poets in the Portuguese language, known for writing under pseudonyms which he called "heteronyms" 1888 Fernando Pessoa
100%
Composer of the Portuguese national anthem 1850 Alfredo Keil
80%
Singer and best selling Portuguese artist in history, she is considered the "Queen of Fado" 1920 Amália Rodrigues
80%
Prime Minister of Portugal from 2015 to 2024 and President of the European Council since 2024 1961 António Costa
80%
Secretary-general of the United Nations since 2017 and Prime Minister of Portugal from 1995 to 2002 1949 António Guterres
80%
Footballer who plays for Manchester City and the Portuguese national team 1994 Bernardo Silva
80%
Footballer who plays for Tottenham and the Portuguese national team 1995 Joao Palhinha
80%
Football agent with clients like Cristiano Ronaldo, he was considered to be one of the most influential football agents in the world 1966 Jorge Mendes
80%
President of the European Commission from 2004 to 2014 and Prime Minister of Portugal from 2002 to 2004 1956 José Manuel Barroso
80%
Football coach of Fulham and former coach of Everton, Sporting and Watford 1977 Marco Silva
80%
Former footballer who played for Besiktas, Porto and the Portuguese national team 1983 Ricardo Quaresma
80%
Football coach at Manchester United since 2024 and former Sporting CP coach 1985 Rúben Amorim
80%
Singer and winner of the Eurovision Song Contest 2017, "Amar pelos dois" 1989 Salvador Sobral
80%
President of Portugal from 1958 to 1974 1894 Américo Tomás
60%
Football coach of the Polish national team since 2022 and coach of the Portuguese national team from 2014 to 2022 1954 Fernando Santos
60%
Portuguese-American animator and co-director of "Spider-Man: Across the Spider-Verse" 1977 Joaquim Dos Santos
60%
Only Portuguese pope 1205 John XXI
60%
President of Portugal from 1996 to 2006 1939 Jorge Sampaio
60%
President of Portugal since 2016 1948 Marcelo Rebelo de Sousa
60%
President of Portugal from 1986 to 1996 and Prime Minister of Portugal from 1976 to 1978 and again from 1983 to 1985 1924 Mário Soares
60%
Basketball center who plays for the Boston Celtics and Portuguese national team 1999 Neemias Queta
60%
Footballer who plays for Fenerbahce and the Portuguese national team 1993 Nelson Semedo
60%
Football coach and former coach of the Portuguese national team and Sporting CP 1969 Paulo Bento
60%
Prime Minister of Portugal from 2004 to 2005 1956 Pedro Santana Lopes
60%
Cinematographer, "Harry Potter and the Deathly Hallows" "Unbreakable" "Blood Diamond" 1943 Eduardo Serra
40%
Footballer who plays for Barcelona and the Portuguese women's national team 2002 Kika Nazarath
40%
No matching quizzes found
Score Distribution
Percent of People with Each Score
Percentile by Number Answered
Your Score History
You have not taken this quiz since the last reset